000 00777nam a2200241Ia 4500
003 OSt
005 20220923225203.0
006 a|||||r|||| 00| 0
007 ta
008 220922b |||||||| |||| 00| 0 san d
024 _a259,516
037 _cTextual
040 _aARTS
_cARTS
_bsan
041 _2san
_asan
082 _aR625x1,1, 15M3
100 _aविद्यासागर
245 0 _aन्यायदर्शन
_b वात्स्यायन भाष्यम्
246 _aNyāyadarshana: vātsyāyan bhāṣhyam
260 _aकाशी
_b चौखम्बा प्रकाशन
_c1983
300 _a920पृ0
_ccm.
942 _hR625x1,1, 15M3
_cTEXL
_2CC
999 _c376607
_d376607